Statistics for Same Start and End Letter - Science

Click here to take the quiz!

General Stats

  • This quiz has been taken 57 times
  • The average score is 11 of 18

Answer Stats

Letter Hint Answer % Correct
NMost common element in the Earth's atmosphereNitrogen
96%
ALargest artery in the bodyAorta
94%
NEnglish physicist famous for his work on the laws of motionNewton
94%
EOrgan of the visual system in humansEye
94%
DNaturally-occurring material with the greatest known hardnessDiamond
88%
AMolecule with the formula NH3Ammonia
85%
MElement on the periodic table with atomic number 12Magnesium
81%
NA teaspoon of a ______ star weighs 10 million tonsNeutron
71%
SThe basic unit of classification and taxonomic rank of biological organismsSpecies
65%
TA sensor which keeps a heating system near to a desired temperatureThermostat
63%
MThe product of the mass and velocity of an objectMomentum
60%
EA biological catalyst which accelerates a chemical reactionEnzyme
58%
BA part of a plant, mostly underground, that stores food while the plant is restingBulb
56%
EA highly flammable organic compound with chemical formula C2H6Ethane
54%
CThe C in CMBR, which is used as evidence for the Big BangCosmic
23%
C_______ aberration is a failure of a lens to focus all colors to the same pointChromatic
23%
TThe opposing force when a system pushes or accelerates mass in one directionThrust
23%
GA diffraction ______ has a periodic structure that splits lightGrating
17%

Score Distribution

Percentile by Number Answered

Percent of People with Each Score

Your Score History

You have not taken this quiz